[Event "Balatonlelle Rigo Memorial op"]
[Site "Balatonlelle"]
[Date "2023.06.15"]
[Round "2"]
[White "Varga, Zoltan"]
[Black "Torok, Sandor"]
[Result "1-0"]
[WhiteElo "2376"]
[BlackElo "2221"]
[PlyCount "89"]
[EventDate "2023.06.14"]
[EventType "swiss"]
[EventRounds "9"]
[EventCountry "HUN"]
[SourceTitle "CBM 214 Extra"]
[Source "ChessBase"]
[SourceDate "2023.07.31"]
[SourceVersion "1"]
[SourceVersionDate "2023.07.31"]
[SourceQuality "1"]

1. c4 Nf6 2. Nc3 e5 3. Nf3 Nc6 4. d4 exd4 5. Nxd4 Bb4 6. g3 Ne4 7. Qd3 Nc5 8. Qe3+ Qe7 9. Qxe7+ Kxe7 10. Ndb5 Ne4 11. Bd2 Nxd2 12. Kxd2 Kd8 13. a3 Bxc3+ 14. Nxc3 d6 15. Nd5 a5 16. Kc3 a4 17. Bg2 Ra5 18. Nb4 Bd7 19. Rhd1 Re8 20. e3 Kc8 21. Rd5 Re5 22. Rad1 Rc5 23. Nd3 Rexd5 24. Bxd5 Ra5 25. Bxf7 Bg4 26. Re1 Ne7 27. e4 c6 28. f4 Kd7 29. f5 Nxf5 30. exf5 Bxf5 31. h4 g6 32. Nf4 Re5 33. Rxe5 dxe5 34. Nd3 Ke7 35. Bg8 g5 36. hxg5 Kf8 37. Bxh7 Bxh7 38. Nxe5 Ke7 39. Kd4 Ke6 40. g6 Bg8 41. Nf7 Kf6 42. Nd8 b5 43. c5 Bd5 44. g7 Kxg7 45. Ke5 1-0

[Event "HUN-chT2 Maroczy 1819"]
[Site "Hungary"]
[Date "2019.04.28"]
[Round "11.2"]
[White "Torok, Sandor"]
[Black "Ongut, Tamas Gunes"]
[Result "1-0"]
[WhiteElo "2276"]
[BlackElo "2121"]
[PlyCount "49"]
[EventDate "2018.09.23"]
[EventType "team-tourn"]
[EventRounds "11"]
[EventCountry "HUN"]
[SourceTitle "EXT 2021"]
[Source "ChessBase"]
[SourceDate "2020.10.23"]
[SourceVersion "1"]
[SourceVersionDate "2020.10.23"]
[SourceQuality "1"]
[WhiteTeam "Budapest Vasas"]
[BlackTeam "Taban Spartacus"]
[WhiteTeamCountry "HUN"]
[BlackTeamCountry "HUN"]

1. e4 e5 2. Nc3 Nf6 3. g3 d5 4. exd5 Nxd5 5. Bg2 Nxc3 6. bxc3 Nc6 7. Ne2 Bc5 8. 0-0 0-0 9. Rb1 Re8 10. d3 Bb6 11. Ba3 Bf5 12. c4 e4 13. Nf4 Qc8 14. Re1 exd3 15. Rxe8+ Qxe8 16. cxd3 Rd8 17. Nd5 Be6 18. Qd2 Bxd5 19. Bxd5 Ne5 20. Qe2 c6 21. Be4 Nd7 22. Re1 Nf6 23. Be7 Nxe4 24. Bxd8 Qxd8 25. Qxe4 1-0

[Event "Budapest Spring op"]
[Site "Budapest"]
[Date "2019.04.17"]
[Round "9"]
[White "Torok, Sandor"]
[Black "Bronstein, Or"]
[Result "0-1"]
[WhiteElo "2273"]
[BlackElo "2387"]
[PlyCount "84"]
[EventDate "2019.04.09"]
[EventType "swiss"]
[EventRounds "9"]
[EventCountry "HUN"]
[SourceTitle "CBM 190 Extra"]
[Source "ChessBase"]
[SourceDate "2019.07.15"]
[SourceVersion "1"]
[SourceVersionDate "2019.07.15"]
[SourceQuality "1"]

1. e4 c5 2. Nf3 d6 3. Bb5+ Nd7 4. d4 cxd4 5. Qxd4 a6 6. Bxd7+ Bxd7 7. c4 Nf6 8. Nc3 g6 9. 0-0 Bg7 10. Qd3 0-0 11. Nd4 Ng4 12. Nf3 b5 13. cxb5 axb5 14. Nxb5 f5 15. Nbd4 fxe4 16. Qxe4 Nf6 17. Qe3 Nd5 18. Qe4 Nf6 19. Qe3 Nd5 20. Qb3 e6 21. Re1 Qf6 22. Bd2 Rab8 23. Qa3 e5 24. Nc2 h6 25. Nb4 Nb6 26. Rac1 g5 27. Be3 Be6 28. Qd3 g4 29. Nd2 d5 30. Rc6 d4 31. Bxd4 Na4 32. Na6 exd4 33. Rcxe6 Qxf2+ 34. Kh1 Rxb2 35. Qc4 Kh8 36. R6e2 Qf6 37. Qxa4 Rxd2 38. Re8 Rf2 39. Rg1 d3 40. Rxf8+ Bxf8 41. Qc4 d2 42. Nc5 Rxg2 0-1

[Event "Harkany Tenkes Cup 42nd"]
[Site "Harkany"]
[Date "2018.11.28"]
[Round "7"]
[White "Torok, Sandor"]
[Black "Udvardi, Zalan"]
[Result "1-0"]
[WhiteElo "2250"]
[BlackElo "2212"]
[PlyCount "75"]
[EventDate "2018.11.23"]
[EventType "swiss"]
[EventRounds "9"]
[EventCountry "HUN"]
[SourceTitle "CBM 187 Extra"]
[Source "ChessBase"]
[SourceDate "2018.11.04"]
[SourceVersion "1"]
[SourceVersionDate "2018.11.04"]
[SourceQuality "1"]

1. e4 c5 2. Nf3 Nc6 3. d4 cxd4 4. Nxd4 Nf6 5. Nc3 e5 6. Ndb5 d6 7. Bg5 a6 8. Na3 b5 9. Nd5 Be7 10. Bxf6 Bxf6 11. c4 b4 12. Nc2 a5 13. g3 0-0 14. Bg2 Be6 15. Nde3 Bg5 16. 0-0 Bxe3 17. Nxe3 a4 18. Re1 Nd4 19. f4 f6 20. Nf5 Bxc4 21. Nxd4 Qb6 22. Kh1 Qxd4 23. Qxd4 exd4 24. Rec1 Rac8 25. Bh3 f5 26. Bxf5 Rxf5 27. exf5 Bd5+ 28. Kg1 Rxc1+ 29. Rxc1 Bxa2 30. Rc8+ Kf7 31. Rb8 b3 32. Ra8 Bb1 33. Rxa4 Bxf5 34. Rxd4 Ke6 35. Rb4 Bc2 36. Rb7 g5 37. fxg5 Kf5 38. Rxh7 1-0

[Event "Harkany Tenkes Cup 42nd"]
[Site "Harkany"]
[Date "2018.11.23"]
[Round "1"]
[White "Torok, Sandor"]
[Black "Konyves, Almos"]
[Result "1-0"]
[WhiteElo "2250"]
[BlackElo "1963"]
[PlyCount "77"]
[EventDate "2018.11.23"]
[EventType "swiss"]
[EventRounds "9"]
[EventCountry "HUN"]
[SourceTitle "CBM 187 Extra"]
[Source "ChessBase"]
[SourceDate "2018.11.04"]
[SourceVersion "1"]
[SourceVersionDate "2018.11.04"]
[SourceQuality "1"]

1. e4 e5 2. Nf3 Nc6 3. d4 exd4 4. Nxd4 Bc5 5. Be3 Qf6 6. c3 Nge7 7. g3 d5 8. Bg2 dxe4 9. Nd2 Nxd4 10. cxd4 Bb4 11. Qa4+ Nc6 12. d5 Qxb2 13. 0-0 Bxd2 14. dxc6 b6 15. Rab1 Qc3 16. Rb3 Qa5 17. Qd4 Bxe3 18. Qxg7 Rf8 19. Rxe3 Be6 20. Qf6 Qf5 21. Qh4 Qg4 22. Qxg4 Bxg4 23. Rxe4+ Be6 24. Bh3 0-0-0 25. Bxe6+ fxe6 26. Rxe6 Rfe8 27. Rfe1 Rf8 28. f4 a5 29. Kf2 h5 30. Kf3 Kb8 31. h3 Rd3+ 32. R1e3 Rfd8 33. g4 hxg4+ 34. hxg4 a4 35. f5 b5 36. R6e5 R8d5 37. Rxd5 Rxd5 38. f6 Rd6 39. g5 1-0

[Event "HUN-chT2 Maroczy 1718"]
[Site "Hungary"]
[Date "2017.11.26"]
[Round "2.2"]
[White "Peczely, Sebastian Zsombor"]
[Black "Torok, Sandor"]
[Result "1/2-1/2"]
[WhiteElo "2219"]
[BlackElo "2289"]
[PlyCount "83"]
[EventDate "2017.10.29"]
[EventType "team-tourn"]
[EventRounds "9"]
[EventCountry "HUN"]
[SourceTitle "EXT 2021"]
[Source "ChessBase"]
[SourceDate "2020.10.23"]
[SourceVersion "1"]
[SourceVersionDate "2020.10.23"]
[SourceQuality "1"]
[WhiteTeam "Szeged Maroczy"]
[BlackTeam "Budapest Vasas"]
[WhiteTeamCountry "HUN"]
[BlackTeamCountry "HUN"]

1. e4 e5 2. Nf3 Nc6 3. Bb5 Nd4 4. Nxd4 exd4 5. 0-0 Bc5 6. d3 c6 7. Bc4 d5 8. exd5 cxd5 9. Bb5+ Bd7 10. Bxd7+ Qxd7 11. Nd2 Ne7 12. Nb3 Bb6 13. Bg5 f6 14. Bd2 a5 15. Qh5+ g6 16. Qh6 Nf5 17. Rfe1+ Kf7 18. Qh3 a4 19. Nc1 h5 20. Bb4 g5 21. g3 g4 22. Qg2 h4 23. Ne2 Rad8 24. a3 Bc7 25. c3 dxc3 26. bxc3 Be5 27. Rac1 hxg3 28. hxg3 Rh3 29. d4 Bb8 30. c4 dxc4 31. Rxc4 Re8 32. d5 Reh8 33. Nc3 Bxg3 34. fxg3 b5 35. Rc6 Rxg3 36. Qxg3 Nxg3 37. Re7+ Qxe7 38. Bxe7 Kxe7 39. Nxb5 f5 40. Re6+ Kf7 41. Nd6+ Kf8 42. Re8+ 1/2-1/2

[Event "HUN-chT2 Maroczy 1516"]
[Site "Hungary"]
[Date "2016.04.17"]
[Round "9.1"]
[White "Torok, Sandor"]
[Black "Szalanczy, Emil"]
[Result "1-0"]
[WhiteElo "2258"]
[BlackElo "2276"]
[PlyCount "77"]
[EventDate "2015.10.18"]
[EventType "team-tourn"]
[EventRounds "9"]
[EventCountry "HUN"]
[SourceTitle "EXT 2017"]
[Source "ChessBase"]
[SourceDate "2016.10.25"]
[SourceVersion "1"]
[SourceVersionDate "2016.10.25"]
[SourceQuality "1"]
[WhiteTeam "Vasas"]
[BlackTeam "Szigetszentmiklos"]
[WhiteTeamCountry "HUN"]
[BlackTeamCountry "HUN"]

1. e4 c5 2. Nf3 d6 3. d4 cxd4 4. Nxd4 Nf6 5. Nc3 g6 6. f4 Nc6 7. Nxc6 bxc6 8. e5 Nd7 9. exd6 exd6 10. Be3 Be7 11. Be2 0-0 12. 0-0 Nf6 13. Bf3 d5 14. Na4 Re8 15. Re1 Bd6 16. c4 Rxe3 17. Rxe3 Bxf4 18. Re1 Bf5 19. g3 Bh6 20. cxd5 cxd5 21. Nc3 Qb6+ 22. Kh1 Rd8 23. Qb3 Qf2 24. Nxd5 Rxd5 25. Bxd5 Ng4 26. Re8+ Bf8 27. Bg2 Qc5 28. h3 Nf6 29. Re2 Bd6 30. g4 Bd7 31. Rf1 Kg7 32. Qf3 Qg5 33. Qc3 Bf4 34. Re4 Bd6 35. Ree1 Be6 36. Qd4 Bg3 37. Rxe6 fxe6 38. Qxa7+ Kf8 39. Qa3+ 1-0

[Event "HUN-chT2 Maroczy 1516"]
[Site "Hungary"]
[Date "2015.12.06"]
[Round "4.2"]
[White "Torok, Sandor"]
[Black "Korpa, Bence"]
[Result "0-1"]
[WhiteElo "2270"]
[BlackElo "2451"]
[PlyCount "56"]
[EventDate "2015.10.18"]
[EventType "team-tourn"]
[EventRounds "9"]
[EventCountry "HUN"]
[SourceTitle "CBM 170 Extra"]
[Source "ChessBase"]
[SourceDate "2016.02.25"]
[SourceVersion "1"]
[SourceVersionDate "2016.02.25"]
[SourceQuality "1"]
[WhiteTeam "Vasas"]
[BlackTeam "DVTK EMSE"]
[WhiteTeamCountry "HUN"]
[BlackTeamCountry "HUN"]

1. e4 c6 2. d4 d5 3. f3 e6 4. Nc3 Bb4 5. Bf4 Ne7 6. a3 Ba5 7. b4 Bb6 8. Na4 Bc7 9. Bxc7 Qxc7 10. e5 a5 11. b5 cxb5 12. Bxb5+ Bd7 13. Qd3 0-0 14. Ne2 Bxb5 15. Qxb5 Nd7 16. 0-0 Nf5 17. Rfb1 Rab8 18. Qd3 Rfc8 19. c3 b5 20. Rxb5 Rxb5 21. Qxb5 Rb8 22. Qa6 Ne3 23. Nc1 Nc2 24. Ra2 Nxd4 25. Qd6 Qa7 26. cxd4 Qxd4+ 27. Rf2 Rb1 28. Qc6 Qe3 0-1

[Event "HUN-chT2 Maroczy 1516"]
[Site "Hungary"]
[Date "2015.11.29"]
[Round "3.2"]
[White "Torok, Sandor"]
[Black "Nomin Erdene, Davaademberel"]
[Result "1/2-1/2"]
[WhiteElo "2261"]
[BlackElo "2427"]
[PlyCount "115"]
[EventDate "2015.10.18"]
[EventType "team-tourn"]
[EventRounds "9"]
[EventCountry "HUN"]
[SourceTitle "CBM 170 Extra"]
[Source "ChessBase"]
[SourceDate "2016.02.25"]
[SourceVersion "1"]
[SourceVersionDate "2016.02.25"]
[SourceQuality "1"]
[WhiteTeam "Vasas"]
[BlackTeam "Toth Laszlo"]
[WhiteTeamCountry "HUN"]
[BlackTeamCountry "HUN"]

1. e4 c6 2. d4 d5 3. f3 g6 4. Nc3 Bg7 5. e5 h5 6. f4 Nh6 7. Nf3 Bg4 8. Na4 Nf5 9. Be2 e6 10. c3 Nd7 11. b3 Bf8 12. 0-0 a6 13. Ng5 Bxe2 14. Qxe2 b5 15. Nb2 c5 16. Be3 b4 17. cxb4 cxd4 18. Bd2 Qb6 19. Nd3 Be7 20. Nf3 Rc8 21. Rfc1 0-0 22. g3 Nb8 23. a4 Nc6 24. Qe1 Ne3 25. Kf2 Nxb4 26. Nxb4 Bxb4 27. Bxb4 Nc2 28. Rxc2 Rxc2+ 29. Bd2 Rfc8 30. a5 Qc5 31. Kg1 Rb8 32. Rb1 d3+ 33. Qf2 Qa3 34. Nd4 Qa2 35. Rd1 Rb2 36. Qe3 Rb1 37. Rxb1 Qxb1+ 38. Kg2 Rc8 39. f5 exf5 40. Nxf5 gxf5 41. Qg5+ Kh8 42. Qf6+ Kg8 43. e6 Qc2 44. Qg5+ Kf8 45. Kh3 fxe6 46. Bb4+ Kf7 47. Qe7+ Kg8 48. Qxe6+ Kg7 49. Qe7+ Kg6 50. Qe6+ Kg7 51. Bd6 Qc6 52. Be5+ Kf8 53. Qxf5+ Ke7 54. Qg5+ Kf7 55. Qg7+ Ke8 56. Qg8+ Ke7 57. Qg7+ Ke8 58. Qg8+ 1/2-1/2

[Event "HUN-chT2 Maroczy 1516"]
[Site "Hungary"]
[Date "2015.11.08"]
[Round "2.2"]
[White "Nemeth, Zoltan"]
[Black "Torok, Sandor"]
[Result "0-1"]
[WhiteElo "2306"]
[BlackElo "2261"]
[PlyCount "72"]
[EventDate "2015.10.18"]
[EventType "team-tourn"]
[EventRounds "9"]
[EventCountry "HUN"]
[SourceTitle "CBM 170 Extra"]
[Source "ChessBase"]
[SourceDate "2016.02.25"]
[SourceVersion "1"]
[SourceVersionDate "2016.02.25"]
[SourceQuality "1"]
[WhiteTeam "Magyar Sakkvilag"]
[BlackTeam "Vasas"]
[WhiteTeamCountry "HUN"]
[BlackTeamCountry "HUN"]

1. d4 Nf6 2. Bf4 g6 3. e3 Bg7 4. Nf3 0-0 5. Be2 d6 6. h3 Nbd7 7. 0-0 b6 8. a4 a6 9. c4 a5 10. Nc3 Bb7 11. Qc2 Re8 12. Rad1 Qc8 13. d5 e5 14. Bg5 Nc5 15. Bxf6 Bxf6 16. e4 Bg7 17. Ne1 f5 18. exf5 gxf5 19. g4 e4 20. f3 Qd8 21. gxf5 Qg5+ 22. Ng2 Qxf5 23. h4 Qh3 24. Nb5 Kh8 25. f4 Rg8 26. Bh5 Bf6 27. Rd2 Rg7 28. Re1 Rag8 29. Rxe4 Nxe4 30. Qxe4 Re7 31. Qb1 Qe3+ 32. Rf2 Bxh4 33. Qf1 Bxf2+ 34. Qxf2 Rxg2+ 35. Kxg2 Rg7+ 36. Kf1 Qh3+ 0-1

[Event "HUN-chT2 Maroczy 1314"]
[Site "Hungary"]
[Date "2013.11.17"]
[Round "5"]
[White "Soos, Arpad"]
[Black "Torok, Sandor"]
[Result "1-0"]
[WhiteElo "2381"]
[BlackElo "2275"]
[PlyCount "70"]
[EventDate "2013.09.08"]
[EventType "team-tourn"]
[EventRounds "11"]
[EventCountry "HUN"]
[SourceTitle "EXT 2016"]
[Source "ChessBase"]
[SourceDate "2015.10.08"]
[SourceVersion "1"]
[SourceVersionDate "2015.10.08"]
[SourceQuality "1"]
[WhiteTeam "Toth Laszlo"]
[BlackTeam "Budapest Vasas"]
[WhiteTeamCountry "HUN"]
[BlackTeamCountry "HUN"]

1. e4 e5 2. Nf3 Nc6 3. Bc4 Nf6 4. Ng5 Bc5 5. Bxf7+ Ke7 6. Bd5 Qe8 7. 0-0 d6 8. Bxc6 bxc6 9. d3 Bg4 10. Nf3 Rb8 11. c3 d5 12. h3 Bh5 13. exd5 cxd5 14. d4 exd4 15. Re1+ Ne4 16. cxd4 Bb4 17. Nc3 Kd8 18. Re3 Bxc3 19. bxc3 Rf8 20. Qd3 Bxf3 21. Rxf3 Rxf3 22. Qxf3 Rb6 23. Qf5 Qc6 24. Bf4 g6 25. Qf8+ Kd7 26. Re1 Qf6 27. Qh6 Qf7 28. Qh4 Nxc3 29. Bxc7 g5 30. Qxg5 Ne4 31. Qd8+ Kc6 32. Rc1+ Kb7 33. Bg3 Qf5 34. Qe7+ Ka6 35. Qa3+ Kb5 1-0

[Event "HUN-chT2 Maroczy 1314"]
[Site "Hungary"]
[Date "2013.09.08"]
[Round "1"]
[White "Gelle, Istvan"]
[Black "Torok, Sandor"]
[Result "1-0"]
[WhiteElo "2285"]
[BlackElo "2275"]
[PlyCount "97"]
[EventDate "2013.09.08"]
[EventType "team-tourn"]
[EventRounds "11"]
[EventCountry "HUN"]
[SourceTitle "EXT 2016"]
[Source "ChessBase"]
[SourceDate "2015.10.08"]
[SourceVersion "1"]
[SourceVersionDate "2015.10.08"]
[SourceQuality "1"]
[WhiteTeam "Lila Futo"]
[BlackTeam "Budapest Vasas"]
[WhiteTeamCountry "HUN"]
[BlackTeamCountry "HUN"]

1. d4 Nf6 2. Bf4 d6 3. e3 g6 4. h3 Bg7 5. Nf3 0-0 6. Be2 Nbd7 7. 0-0 Qe8 8. c4 e5 9. Bh2 Ne4 10. Qc2 f5 11. Na3 a6 12. Rad1 b6 13. b4 Kh8 14. Rfe1 Qe7 15. c5 bxc5 16. bxc5 d5 17. dxe5 c6 18. Nd4 Nxe5 19. Bxe5 Qxe5 20. Nxc6 Qc7 21. Nd4 f4 22. Bf3 Qa5 23. Nb1 Bxd4 24. exd4 Bf5 25. Qb3 Rfd8 26. Qa3 Qxa3 27. Nxa3 Rab8 28. Bxe4 Bxe4 29. Nc4 dxc4 30. Rxe4 c3 31. Rc1 f3 32. gxf3 Rb4 33. Rxc3 Rbxd4 34. c6 R4d6 35. c7 Rc8 36. Rb4 Rf6 37. Rb8 Rff8 38. Rxc8 Rxc8 39. f4 Kg7 40. Kg2 Kf7 41. Kg3 Kf6 42. Kg4 a5 43. Rc6+ Kg7 44. f5 gxf5+ 45. Kxf5 Kf7 46. Kg5 Kg7 47. Kh5 Kh8 48. Kh6 Kg8 49. a4 1-0

[Event "HUN-chT 1112"]
[Site "Hungary"]
[Date "2012.04.15"]
[Round "8"]
[White "Papp, Gabor"]
[Black "Torok, Sandor"]
[Result "1-0"]
[WhiteElo "2551"]
[BlackElo "2319"]
[PlyCount "55"]
[EventDate "2011.09.25"]
[EventType "team-tourn"]
[EventRounds "11"]
[EventCountry "HUN"]
[SourceTitle "EXT 2013"]
[Source "ChessBase"]
[SourceDate "2012.11.22"]
[SourceVersion "1"]
[SourceVersionDate "2012.11.22"]
[SourceQuality "1"]
[WhiteTeam "Paks"]
[BlackTeam "Vasas"]
[WhiteTeamCountry "HUN"]
[BlackTeamCountry "HUN"]

1. e4 e5 2. Nf3 Nc6 3. Bc4 Nf6 4. d3 d5 5. exd5 Nxd5 6. 0-0 Be7 7. Re1 Bg4 8. h3 Bh5 9. Nc3 Nxc3 10. bxc3 0-0 11. Rb1 Na5 12. g4 Nxc4 13. gxh5 e4 14. Rxe4 Nd6 15. Rg4 f5 16. Rg2 Qd7 17. Bh6 Bf6 18. Bxg7 Bxg7 19. h6 Qe6 20. Rxg7+ Kh8 21. Rxh7+ Kg8 22. Ng5 Qxa2 23. Rxc7 Rf6 24. h7+ Kh8 25. c4 f4 26. Re7 Rg6 27. h4 Nf5 28. Rexb7 1-0

[Event "HUN-chT 1112"]
[Site "Hungary"]
[Date "2012.03.11"]
[Round "7"]
[White "Torok, Sandor"]
[Black "Popovics, Adam"]
[Result "1/2-1/2"]
[WhiteElo "2319"]
[BlackElo "2399"]
[PlyCount "84"]
[EventDate "2011.09.25"]
[EventType "team-tourn"]
[EventRounds "11"]
[EventCountry "HUN"]
[SourceTitle "EXT 2013"]
[Source "ChessBase"]
[SourceDate "2012.11.22"]
[SourceVersion "1"]
[SourceVersionDate "2012.11.22"]
[SourceQuality "1"]
[WhiteTeam "Vasas"]
[BlackTeam "Honved"]
[WhiteTeamCountry "HUN"]
[BlackTeamCountry "HUN"]

1. e4 e5 2. Nf3 Nc6 3. Nc3 Nf6 4. d4 exd4 5. Nd5 Be7 6. Nxd4 Nxd5 7. exd5 Nxd4 8. Qxd4 0-0 9. Be2 c5 10. Qd3 d6 11. 0-0 Bf6 12. c3 Re8 13. Bf4 Be5 14. Bg3 Bd7 15. Rae1 Qa5 16. a3 b5 17. Qd2 Qb6 18. Bxe5 Rxe5 19. Bf3 Rae8 20. Rxe5 Rxe5 21. Re1 Rxe1+ 22. Qxe1 Qd8 23. Qe3 Kf8 24. b4 Qe7 25. Qxe7+ Kxe7 26. Be4 f5 27. Bd3 g5 28. g3 g4 29. f4 gxf3 30. Kf2 Kf6 31. Kxf3 Ke5 32. Ke3 a6 33. Be2 Be8 34. Bf1 c4 35. Bg2 Bf7 36. Bf3 Bxd5 37. Bh5 Bc6 38. Bf7 h6 39. Bh5 Be4 40. Be8 Bd5 41. Bd7 Be6 42. Bc6 Bd5 1/2-1/2

[Event "HUN-chT 1112"]
[Site "Hungary"]
[Date "2011.11.13"]
[Round "3"]
[White "Nestorovic, Dejan"]
[Black "Torok, Sandor"]
[Result "1-0"]
[WhiteElo "2390"]
[BlackElo "2319"]
[PlyCount "133"]
[EventDate "2011.09.25"]
[EventType "team-tourn"]
[EventRounds "11"]
[EventCountry "HUN"]
[SourceTitle "EXT 2012"]
[Source "ChessBase"]
[SourceDate "2011.11.24"]
[SourceVersion "1"]
[SourceVersionDate "2011.11.24"]
[SourceQuality "1"]
[WhiteTeam "Toth Laszlo"]
[BlackTeam "Vasas"]
[WhiteTeamCountry "HUN"]
[BlackTeamCountry "HUN"]

1. d4 Nf6 2. c4 e6 3. Nf3 c5 4. d5 exd5 5. cxd5 d6 6. Nc3 g6 7. Nd2 b6 8. e4 Bg7 9. Bb5+ Bd7 10. a4 0-0 11. Be2 Ne8 12. 0-0 f5 13. exf5 Bxf5 14. Nc4 Na6 15. Nxd6 Nxd6 16. Bxa6 c4 17. Be3 Bd3 18. Re1 Qh4 19. Qd2 Rf5 20. f3 Rh5 21. g4 Bxc3 22. bxc3 Rxd5 23. Bd4 Rf8 24. Qe3 Re8 25. Qf2 Qxf2+ 26. Kxf2 Rxe1 27. Rxe1 Ra5 28. Bb5 Nxb5 29. axb5 Ra2+ 30. Kg3 Be2 31. h4 Kf7 32. h5 g5 33. f4 h6 34. fxg5 hxg5 35. Rh1 Kg8 36. Rh2 Rd2 37. Be3 Rc2 38. Rf2 Bd3 39. Rxc2 Bxc2 40. Bxg5 Ba4 41. Be3 Bxb5 42. g5 Be8 43. g6 Kg7 44. Bd4+ Kh6 45. Kh4 Bxg6 46. hxg6 Kxg6 47. Kg4 Kf7 48. Kf5 Ke7 49. Ke5 Kd7 50. Kd5 Kc7 51. Be5+ Kb7 52. Kxc4 Kc6 53. Bf4 a6 54. Be5 a5 55. Bd4 b5+ 56. Kb3 Kc7 57. Bf6 Kd7 58. Kc2 b4 59. c4 a4 60. Bg7 Ke7 61. Kd3 Kf7 62. Bd4 Ke6 63. Bc5 b3 64. Ba3 Ke5 65. Kc3 Ke4 66. Kb4 Kd4 67. Bb2+ 1-0

[Event "HUN-chT 1011"]
[Site "Hungary"]
[Date "2011.05.01"]
[Round "10"]
[White "Torok, Sandor"]
[Black "Groszpeter, Attila"]
[Result "0-1"]
[WhiteElo "2298"]
[BlackElo "2525"]
[PlyCount "66"]
[EventDate "2010.10.10"]
[EventType "team-tourn"]
[EventRounds "11"]
[EventCountry "HUN"]
[SourceTitle "EXT 2012"]
[Source "ChessBase"]
[SourceDate "2011.11.24"]
[SourceVersion "1"]
[SourceVersionDate "2011.11.24"]
[SourceQuality "1"]
[WhiteTeam "Vasas"]
[BlackTeam "Paks"]
[WhiteTeamCountry "HUN"]
[BlackTeamCountry "HUN"]

1. e4 c5 2. Nf3 d6 3. d4 cxd4 4. Nxd4 Nf6 5. Nc3 a6 6. Bg5 e6 7. Qd3 Qc7 8. Bxf6 gxf6 9. Qc4 Nc6 10. 0-0-0 Bd7 11. Nd5 Qd8 12. Ne3 Qb6 13. c3 Rc8 14. Ndc2 Rg8 15. f4 Qa7 16. Qd3 b5 17. a3 Be7 18. g3 Na5 19. b4 Nc6 20. Kb2 Kf8 21. Bh3 Qc7 22. Rhf1 Kg7 23. f5 Ne5 24. Qd4 Qb7 25. Ne1 Rge8 26. Rc1 a5 27. Nd3 Nc6 28. fxe6 fxe6 29. Nf5+ exf5 30. Qe3 Ne5 31. Nxe5 dxe5 32. Bxf5 Bxf5 33. Rxf5 Rc4 0-1

[Event "HUN-chT 1011"]
[Site "Hungary"]
[Date "2011.04.30"]
[Round "11"]
[White "Gonda, Laszlo"]
[Black "Torok, Sandor"]
[Result "0-1"]
[WhiteElo "2550"]
[BlackElo "2298"]
[PlyCount "72"]
[EventDate "2010.10.10"]
[EventType "team-tourn"]
[EventRounds "11"]
[EventCountry "HUN"]
[SourceTitle "EXT 2012"]
[Source "ChessBase"]
[SourceDate "2011.11.24"]
[SourceVersion "1"]
[SourceVersionDate "2011.11.24"]
[SourceQuality "1"]
[WhiteTeam "Aquaprofit"]
[BlackTeam "Vasas"]
[WhiteTeamCountry "HUN"]
[BlackTeamCountry "HUN"]

1. d4 d5 2. c4 e6 3. Nc3 Bb4 4. e3 Nf6 5. a3 Bxc3+ 6. bxc3 0-0 7. cxd5 exd5 8. Bd3 c5 9. Ne2 Nc6 10. 0-0 Bg4 11. f3 Bh5 12. Rb1 Qd7 13. Nf4 Bg6 14. Nxg6 hxg6 15. dxc5 Rfc8 16. Be2 Na5 17. Rb4 Qc7 18. Qa4 Nc6 19. Bd2 a6 20. Rb2 Nd7 21. Qb3 Qe5 22. f4 Qe6 23. Bf3 Ne7 24. e4 Nxc5 25. exd5 Qd6 26. Qb6 Nf5 27. Rbb1 Na4 28. Qxb7 Rab8 29. Qa7 Rxb1 30. Rxb1 Nxc3 31. Bxc3 Rxc3 32. Qb8+ Qf8 33. a4 Rc1+ 34. Kf2 Rxb1 35. Qxb1 Qc5+ 36. Ke1 Qg1+ 0-1

[Event "HUN-chT 1011"]
[Site "Hungary"]
[Date "2011.04.10"]
[Round "8"]
[White "Varga, Zoltan"]
[Black "Torok, Sandor"]
[Result "1-0"]
[WhiteElo "2449"]
[BlackElo "2298"]
[PlyCount "57"]
[EventDate "2010.10.10"]
[EventType "team-tourn"]
[EventRounds "11"]
[EventCountry "HUN"]
[SourceTitle "EXT 2012"]
[Source "ChessBase"]
[SourceDate "2011.11.24"]
[SourceVersion "1"]
[SourceVersionDate "2011.11.24"]
[SourceQuality "1"]
[WhiteTeam "Honved"]
[BlackTeam "Vasas"]
[WhiteTeamCountry "HUN"]
[BlackTeamCountry "HUN"]

1. e4 e5 2. Nf3 Nc6 3. Bb5 Bc5 4. Nc3 d6 5. d4 exd4 6. Nxd4 Bd7 7. Be3 Nge7 8. Nxc6 bxc6 9. Bxc5 cxb5 10. Bd4 0-0 11. Qd3 b4 12. Qg3 Ng6 13. Nd5 Re8 14. 0-0-0 Rxe4 15. f3 Re2 16. Nf4 Re8 17. h4 c5 18. Bxg7 Kxg7 19. h5 Bf5 20. hxg6 Bxg6 21. Rxd6 Qe7 22. Nh5+ Kh8 23. Nf6 Red8 24. Qh4 Qe3+ 25. Kb1 h5 26. Nxh5 Rxd6 27. Nf4+ Kg7 28. Qh6+ Kf6 29. Nh5+ 1-0

[Event "HUN-chT 1011"]
[Site "Hungary"]
[Date "2011.02.20"]
[Round "6"]
[White "Horvath, Jozsef"]
[Black "Torok, Sandor"]
[Result "1-0"]
[WhiteElo "1985"]
[BlackElo "2298"]
[PlyCount "73"]
[EventDate "2010.10.10"]
[EventType "team-tourn"]
[EventRounds "11"]
[EventCountry "HUN"]
[SourceTitle "EXT 2012"]
[Source "ChessBase"]
[SourceDate "2011.11.24"]
[SourceVersion "1"]
[SourceVersionDate "2011.11.24"]
[SourceQuality "1"]
[WhiteTeam "Csuti"]
[BlackTeam "Vasas"]
[WhiteTeamCountry "HUN"]
[BlackTeamCountry "HUN"]

1. Nf3 Nf6 2. c4 c5 3. Nc3 g6 4. d4 Bg7 5. e4 d6 6. Be2 0-0 7. 0-0 cxd4 8. Nxd4 Nc6 9. Be3 Nxd4 10. Bxd4 a6 11. Qd2 Be6 12. f4 Qa5 13. Rad1 Rfc8 14. b3 Kh8 15. Qe3 b5 16. f5 b4 17. Na4 Bxc4 18. Nb6 Bxe2 19. Qxe2 Qb5 20. Qxb5 axb5 21. e5 dxe5 22. Bxe5 Rd8 23. Nxa8 Rxa8 24. Rd4 gxf5 25. Rxf5 h6 26. Rf2 Ra6 27. Rxb4 Nd5 28. Bxg7+ Kxg7 29. Rxb5 Nc3 30. Rb7 Re6 31. a4 Ne2+ 32. Kf1 Nd4 33. a5 f5 34. b4 Kf6 35. Rb6 Rxb6 36. axb6 Ke5 37. b7 1-0